Detalles MARC
| 000 -CABECERA |
| campo de control de longitud fija |
03709nam a2200337 i 4500 |
| 003 - IDENTIFICADOR DEL NÚMERO DE CONTROL |
| campo de control |
CO-MdUADB |
| 005 - FECHA Y HORA DE LA ÚLTIMA TRANSACCIÓN |
| campo de control |
20240822143317.0 |
| 007 - CAMPO FIJO DE DESCRIPCIÓN FÍSICA--INFORMACIÓN GENERAL |
| campo de control de longitud fija |
ta |
| 008 - DATOS DE LONGITUD FIJA--INFORMACIÓN GENERAL |
| campo de control de longitud fija |
230823s2021 sp ad||gr|||| 00| 0dspa d |
| 020 ## - NÚMERO INTERNACIONAL ESTÁNDAR DEL LIBRO |
| Número Internacional Estándar del Libro |
8436843312 |
| Información calificativa |
ISBN-10 |
| 020 ## - NÚMERO INTERNACIONAL ESTÁNDAR DEL LIBRO |
| Número Internacional Estándar del Libro |
9788436843316 |
| Información calificativa |
ISBN-13 |
| 040 ## - FUENTE DE LA CATALOGACIÓN |
| Centro catalogador/agencia de origen |
CO-MdUADB |
| Lengua de catalogación |
spa |
| Centro/agencia transcriptor |
CO-MdUADB |
| Normas de descripción |
rda |
| 041 ## - CÓDIGO DE LENGUA |
| Código de lengua del texto/banda sonora o título independiente |
spa |
| 082 74 - NÚMERO DE LA CLASIFICACIÓN DECIMAL DEWEY |
| Número de clasificación |
616 |
| 100 1# - ENTRADA PRINCIPAL--NOMBRE DE PERSONA |
| Nombre de persona |
Marín Martín, Carolina |
| Término indicativo de función/relación |
Coordinador/a |
| 9 (RLIN) |
853795 |
| 245 1# - TÍTULO PROPIAMENTE DICHO |
| Título propiamente dicho |
Guía práctica de evaluación psicológica clínica : |
| Subtítulo o título paralelo |
desarrollo de competencias / |
| Mención de responsabilidad, etc. |
Carolina Marín Martín (Coord.) |
| 264 11 - PRODUCCIÓN, PUBLICACIÓN, DISTRIBUCIÓN, FABRICACIÓN Y COPYRIGHT |
| Producción, publicación, distribución, fabricación y copyright |
Madrid : |
| Nombre del de productor, editor, distribuidor, fabricante |
Ediciones Pirámide, |
| Fecha de producción, publicación, distribución, fabricación o copyright |
2021 |
| 300 ## - DESCRIPCIÓN FÍSICA |
| Extensión |
492 páginas : |
| Otras características físicas |
ilustraciones, graficas |
| 336 ## - TIPO DE CONTENIDO |
| Fuente |
rdacontent |
| Término de tipo de contenido |
texto |
| Código de tipo de contenido |
txt |
| 337 ## - TIPO DE MEDIO |
| Nombre/término del tipo de medio |
no mediado |
| 338 ## - TIPO DE SOPORTE |
| Nombre/término del tipo de soporte |
volumen |
| 490 1# - ÁREA DE SERIE |
| Mención de serie |
Colección Psicología (Pirámide) |
| 505 20 - NOTA DE CONTENIDO CON FORMATO |
| Título |
Bloque I: Introducción a la evaluación psicológica clínica. -- |
| -- |
1: Apuntes históricos sobre la evaluación psicológica. -- |
| -- |
2: Ética y deontología en la evaluación psicológica clínica. -- |
| -- |
Bloque II: El proceso de evaluación. -- |
| -- |
3: El proceso de evaluación en psicología clínica y de la salud. -- |
| -- |
Bloque III: Técnicas de evaluación. -- |
| -- |
4: La entrevista. -- |
| -- |
5: Técnicas de detección en el proceso de evaluación psicológica clínica. -- |
| -- |
6: Técnicas diagnósticas y específicas (personalidad e inteligencia). -- |
| -- |
Bloque IV: Análisis funcional y formulación de caso. -- |
| -- |
7: Análisis funcional y formulación de caso. -- |
| -- |
Bloque V: Evaluación en la discapacidad. -- |
| -- |
8: Evaluación en la discapacidad. -- |
| -- |
Bloque VI: El informe clínico. -- |
| -- |
9: El informe clínico. -- |
| -- |
Bloque VII: Futuro de la evaluación. -- |
| -- |
10: La evaluación online. -- |
| -- |
11: Hacia una evaluación psicológica clínica más completa. Aspectos para reflexionar. |
| 520 3# - SUMARIO, ETC. |
| Nota de Sumario, etc. |
Esta guía, nace del deseo de presentar la docencia como un aprendizaje activo y de aunar la teoría y la práctica clínica. De esta forma, se muestra la evaluación psicológica como una tarea que engloba una dimensión tanto académica como humana. En su elaboración han participado académicos del ámbito de la evaluación, psicólogos clínicos y sanitarios y alumnos de máster. La obra se acompaña de material complementario disponible en www.edicionespiramide.es, donde se puede consultar el audio que precede a cada capítulo del libro y en el que los autores ponen voz al contenido invitando a su lectura y estableciendo una alianza con quien lo va a leer. La guía no pretende dotar al lector de material teórico amplio; se trata de que, a través de un contenido básico y de diferentes lecturas, programas de pódcast y vídeos, él mismo amplíe y construya su aprendizaje. Muchos de los recursos que se presentan han sido elaborados ad hoc para la guía, mientras que otros se pueden encontrar en la plataforma www.psycast.es. A lo largo de todos los capítulos se da especial importancia a las habilidades transversales y específicas a través del proceso de evaluación, y se sugieren recomendaciones prácticas que tienen como objetivo llevar a la reflexión y ofrecer claves para su puesta en marcha en la práctica. En resumen, la guía es una propuesta para acercar al lector al mundo real de la evaluación psicológica clínica, dotando de experiencias y emociones los contenidos teóricos y haciendo que el lector se sienta partícipe y protagonista de su propio aprendizaje. (Tomado de la cubierta) |
| 650 #7 - PUNTO DE ACCESO ADICIONAL DE MATERIA--TÉRMINO DE MATERIA |
| Fuente del encabezamiento o término |
lemb |
| Término de materia o nombre geográfico como elemento de entrada |
Psicología clínica |
| 9 (RLIN) |
1353 |
| 650 #7 - PUNTO DE ACCESO ADICIONAL DE MATERIA--TÉRMINO DE MATERIA |
| Fuente del encabezamiento o término |
lemb |
| Término de materia o nombre geográfico como elemento de entrada |
Psicopatología |
| 9 (RLIN) |
221 |
| 650 #7 - PUNTO DE ACCESO ADICIONAL DE MATERIA--TÉRMINO DE MATERIA |
| Fuente del encabezamiento o término |
embne |
| Término de materia o nombre geográfico como elemento de entrada |
Psicodiagnóstico |
| 9 (RLIN) |
32772 |
| 650 #7 - PUNTO DE ACCESO ADICIONAL DE MATERIA--TÉRMINO DE MATERIA |
| Fuente del encabezamiento o término |
lemb |
| Término de materia o nombre geográfico como elemento de entrada |
Pruebas psicológicas |
| 9 (RLIN) |
3808 |
| 830 #0 - PUNTO DE ACCESO ADICIONAL DE SERIE-TÍTULO UNIFORME |
| Título uniforme |
Psicología (Ediciones Pirámide) |
| 9 (RLIN) |
854119 |
| 942 ## - ELEMENTOS DE ENTRADA AGREGADA (KOHA) |
| Fuente del sistema de clasificación o colocación |
Clasificación Decimal Dewey |
| Tipo de ítem Koha |
Libros |